000 00676pam a2200217 4500
001 7980
005 20181127184823.0
008 890913s1989 nyu 001 0 eng
010 _a 89027687
020 _a0385014856 :
_c
082 0 0 _a306/.09567/5
_220
100 1 _aFernea, Elizabeth Warnock,
_d1927-2008.
245 1 0 _aGuests of the Sheik :
_ban ethnography of an Iraqi village /
_cElizabeth Warnock Fernea.
250 _aAnchor Books ed.
260 _aNew York :
_bDoubleday,
_c1989.
300 _a346 p. ;
_c21 cm.
500 _aIncludes index.
650 0 _aWomen
_zIraq
_zNahr.
651 0 _aNahr (Iraq)
_xSocial life and customs.
999 _c6864
_d6864